[Event "Maia op 5th"]
[Site "Maia"]
[Date "2021.08.31"]
[Round "2"]
[White "Akhvlediani, Irakli"]
[Black "Santos, Luis Marinho"]
[Result "1-0"]
[WhiteElo "2359"]
[BlackElo "1392"]
[PlyCount "97"]
[EventDate "2021.08.30"]
[EventType "swiss"]
[EventRounds "7"]
[EventCountry "POR"]
[SourceTitle "CBM 204 Extra"]
[Source "ChessBase"]
[SourceDate "2021.11.30"]
[SourceVersion "1"]
[SourceVersionDate "2021.11.30"]
[SourceQuality "1"]

1. d4 d5 2. c4 e6 3. Nf3 c5 4. cxd5 exd5 5. Nc3 Nf6 6. g3 Nc6 7. Bg2 Be7 8. 0-0 cxd4 9. Nxd4 Nxd4 10. Qxd4 Be6 11. Rd1 0-0 12. Bf4 Qd7 13. Nxd5 Nxd5 14. Bxd5 Rfd8 15. e4 Bxd5 16. exd5 Bf6 17. Be5 Bxe5 18. Qxe5 Re8 19. Qd4 b6 20. Re1 Qd6 21. Rxe8+ Rxe8 22. Rc1 h6 23. Kg2 Qe5 24. Qd2 Qe4+ 25. Kg1 Qe2 26. Qd4 Qe5 27. Qd2 Qe2 28. Qc3 Rd8 29. Qd4 Rd7 30. Kg2 f5 31. Rd1 Qe4+ 32. Qxe4 fxe4 33. Kf1 Kf7 34. Ke2 Kf6 35. Ke3 Ke5 36. d6 g6 37. h4 h5 38. Rd2 a5 39. a4 Rxd6 40. Rxd6 Kxd6 41. Kd4 Kc6 42. Kxe4 Kc5 43. f3 Kb4 44. Kd4 Kb3 45. g4 Kxb2 46. gxh5 gxh5 47. Kc4 Ka3 48. Kb5 Kb3 49. f4 1-0